Представление документа в формате RUSMARC

Поле Инд. ПП Название Значение
Тип записи a
Библиографический уровень a
001 Контрольный номер f35057f7ab184894a82a0c2e608fdbe7
005 Дата корректировки 20190127081243.4
100 a Данные общей обработки 20181220 ||| 0rusy0189 ca
101 0_ a Язык текста rus
102 a Страна публикации RU
200 1_ f Первые сведения об ответственности Е.В. Овчарова
a Заглавие Обеспечение законности в области налогов и сборов и административная ответственность за нарушение налогового законодательства
b Общее обозначение материала Текст
210 1_ d Дата издания 2018
461 _0 1 2000
a Административное право и процесс
463 _0 1 2000
a № 11
v С. 31-38
1 2101
d 2018
1 001a70ec19139f5498fbf7dad71daaeadca
606 a Основная рубрика Административное право
610 0_ a Ключевые слова АДМИНИСТРАТИВНЫЕ ПРАВОНАРУШЕНИЯ
a Ключевые слова АДМИНИСТРАТИВНАЯ ОТВЕТСТВЕННОСТЬ
a Ключевые слова АДМИНИСТРАТИВНОЕ НАКАЗАНИЕ
a Ключевые слова НАЛОГОВЫЕ ПРАВОНАРУШЕНИЯ
700 _1 a Фамилия Овчарова
b Имя Е.В.
801 _0 a Страна RU
b Организация РГУП
c Дата составления 20181220
g Правила каталогизации PSBO
801 _1 a Страна RU
b Организация РГУП
c Дата составления 20181220
g Правила каталогизации PSBO
901 t Тип документа b
w Контрольный № источника a70ec19139f5498fbf7dad71daaeadca
905 a Дата ввода 20181220